Sporcle Speed-Picking Quiz Stats

Quiz Updated Sep 17, 2014

Challenge
Share
Tweet
Embed
Score 0/50 Timer 02:00
16 Plays Today
% Correct
Germany
95.4%
France
94.5%
Italy
92.8%
Spain
92.8%
New York
91.6%
California
91.1%
Sneezy
90.9%
Sleepy
90.8%
Missouri
90.5%
Florida
90.4%
Texas
89.8%
Grumpy
89.7%
Lust
88.3%
Envy
88%
Cowboys
87.6%
Greed
87.3%
Patriots
87.2%
Happy
86.5%
Giants
86.4%
Jets
85.7%
Bashful
85.7%
Gluttony
84.7%
Pride
84.3%
Rams
83.9%
Kosovo
81.9%
% Correct
Genesis
80.4%
Psalms
79.5%
Numbers
68.3%
Jefferson
59.1%
Lincoln
58.8%
Nixon
57.7%
Obama
57.6%
Job
56.8%
Ford
53.4%
Titanic
52.8%
Argo
51.8%
Haggai
50.4%
Oxygen
49%
Rocky
48.5%
Carbon
48.3%
Hydrogen
48.1%
Titanium
47.6%
Silicon
46.6%
WALL-E
40.9%
Crash
39.2%
Ratatouille
38.8%
Up
38.6%
Cars
38.4%
Patton
36%
Brave
35.2%

You're not logged in!

Compare scores with friends on all Sporcle quizzes.
Sign Up with Email
OR
Log In

You Might Also Like...

Show Comments

Extras

Top Quizzes Today


Score Distribution

Your Account Isn't Verified!

In order to create a playlist on Sporcle, you need to verify the email address you used during registration. Go to your Sporcle Settings to finish the process.